[Event "Asia-ch Universities"]
[Site "Chess.com INT"]
[Date "2020.12.27"]
[Round "1"]
[White "Mohd Saprin, Amir Ghaazi"]
[Black "Javanbakht, Nima"]
[Result "1/2-1/2"]
[WhiteElo "1951"]
[BlackElo "2472"]
[PlyCount "71"]
[EventDate "2020.12.27"]
[EventType "swiss"]
[EventRounds "9"]
[EventCountry "IRI"]
[SourceTitle "CBM 200 Extra"]
[Source "ChessBase"]
[SourceDate "2021.03.31"]
[SourceVersion "1"]
[SourceVersionDate "2021.03.31"]
[SourceQuality "1"]

1. Nf3 d5 2. c4 e6 3. g3 Nf6 4. Bg2 dxc4 5. Qa4+ Nbd7 6. Qxc4 a6 7. Qc2 c5 8. Nc3 Qc7 9. 0-0 Bd6 10. d4 0-0 11. Rd1 b5 12. Ng5 Bb7 13. Bxb7 Qxb7 14. dxc5 Bxc5 15. Nce4 Nxe4 16. Qxe4 Qxe4 17. Nxe4 Rfd8 18. Rxd7 Rxd7 19. Nxc5 Rd1+ 20. Kg2 a5 21. a4 Rc8 22. Nb3 bxa4 23. Rxa4 Rd5 24. Be3 Rb5 25. Nxa5 Rxb2 26. Kf3 h6 27. Nc4 Rb3 28. Ne5 Rc5 29. Nd3 Rf5+ 30. Kg2 Rc3 31. Ra2 Rb5 32. Ra8+ Kh7 33. Ra7 Kg8 34. Ra8+ Kh7 35. Ra7 Kg8 36. Ra8+ 1/2-1/2

[Event "FISU World University"]
[Site "Tornelo INT"]
[Date "2020.10.28"]
[Round "9.9"]
[White "Cieslak, Wiktoria"]
[Black "Mohd Saprin, Amir Ghaazi"]
[Result "1-0"]
[WhiteElo "2010"]
[BlackElo "1951"]
[PlyCount "141"]
[EventDate "2020.10.26"]
[EventType "team-swiss (rapid)"]
[EventRounds "9"]
[EventCountry "NET"]
[SourceTitle "CBM 199 Extra"]
[Source "ChessBase"]
[SourceDate "2021.01.31"]
[SourceVersion "1"]
[SourceVersionDate "2021.01.31"]
[SourceQuality "1"]
[WhiteTeam "Poland IV"]
[BlackTeam "Malaysia"]
[WhiteTeamCountry "POL"]
[BlackTeamCountry "MAS"]

1. e4 e5 2. Nf3 Nc6 3. d4 exd4 4. Nxd4 Nf6 5. Nxc6 bxc6 6. e5 Qe7 7. Qe2 Nd5 8. b3 g6 9. g3 Bg7 10. Bb2 d6 11. c4 Ba6 12. Bg2 0-0 13. 0-0 Rfe8 14. Qd2 Bxe5 15. Re1 Qf6 16. Bxe5 Rxe5 17. Na3 Rxe1+ 18. Rxe1 Ne7 19. Qa5 Bc8 20. Qxc7 Be6 21. Qxd6 Rc8 22. Qd2 Nf5 23. Rd1 c5 24. Nb5 a6 25. Nc3 Nd4 26. Ne4 Nf3+ 27. Bxf3 Qxf3 28. Ng5 Qf6 29. Nxe6 Qxe6 30. Qd6 Qe2 31. Qd2 Qf3 32. Re1 Qf6 33. Qd5 Qb2 34. Re7 Rf8 35. Qxc5 Qxa2 36. Qe3 Qc2 37. Ra7 Qd1+ 38. Kg2 Qd6 39. h3 Rb8 40. Qf3 Rf8 41. Rb7 Kg7 42. b4 Qf6 43. Qe4 Rc8 44. c5 a5 45. Rb6 Qc3 46. Qb7 Re8 47. c6 Re2 48. c7 Rc2 49. bxa5 Qxa5 50. c8Q Rxc8 51. Rxg6+ hxg6 52. Qxc8 Qd5+ 53. Kh2 Qf3 54. Qc5 Qf6 55. Qe3 Qb2 56. h4 Qf6 57. Kh3 Qf5+ 58. g4 Qd5 59. f3 Qd1 60. Kg3 Qd6+ 61. f4 Qd1 62. f5 Qd6+ 63. Kh3 gxf5 64. gxf5 Qd5 65. Qg5+ Kf8 66. Qh6+ Ke7 67. Qe3+ Kf6 68. Qg5+ Ke5 69. f6+ Ke6 70. Qxd5+ Kxd5 71. Kg4 1-0

[Event "FISU World University"]
[Site "Tornelo INT"]
[Date "2020.10.28"]
[Round "7.5"]
[White "Mohd Saprin, Amir Ghaazi"]
[Black "Kokoszczynski, Jan"]
[Result "1/2-1/2"]
[WhiteElo "1951"]
[BlackElo "2221"]
[PlyCount "76"]
[EventDate "2020.10.26"]
[EventType "team-swiss (rapid)"]
[EventRounds "9"]
[EventCountry "NET"]
[SourceTitle "CBM 199 Extra"]
[Source "ChessBase"]
[SourceDate "2021.01.31"]
[SourceVersion "1"]
[SourceVersionDate "2021.01.31"]
[SourceQuality "1"]
[WhiteTeam "Malaysia"]
[BlackTeam "Poland II"]
[WhiteTeamCountry "MAS"]
[BlackTeamCountry "POL"]

1. Nf3 Nf6 2. c4 e6 3. g3 b6 4. Bg2 Bb7 5. 0-0 Be7 6. b3 0-0 7. Bb2 c5 8. d4 cxd4 9. Nxd4 Bxg2 10. Kxg2 Qc8 11. e3 Qb7+ 12. Qf3 Qxf3+ 13. Kxf3 Nc6 14. Nxc6 dxc6 15. Nc3 Rfd8 16. Rfd1 Kf8 17. Rxd8+ Rxd8 18. Rd1 Rxd1 19. Nxd1 Ke8 20. Nc3 Kd7 21. Ne4 Nxe4 22. Kxe4 g6 23. h3 h5 24. g4 hxg4 25. hxg4 Bh4 26. f3 Bg3 27. Kd3 e5 28. e4 Ke6 29. Ba3 Bf2 30. Bc1 Kf6 31. Bd2 Ke6 32. Bc1 Bc5 33. Bd2 Kf6 34. Bc1 Ke6 35. Bd2 Bf2 36. Bc1 Bc5 37. Bd2 Bf2 38. Bc1 Bc5 1/2-1/2

[Event "FISU World University"]
[Site "Tornelo INT"]
[Date "2020.10.26"]
[Round "1.24"]
[White "De Silva, Shelani"]
[Black "Mohd Saprin, Amir Ghaazi"]
[Result "0-1"]
[WhiteElo "1511"]
[BlackElo "1951"]
[PlyCount "82"]
[EventDate "2020.10.26"]
[EventType "team-swiss (rapid)"]
[EventRounds "9"]
[EventCountry "NET"]
[SourceTitle "CBM 199 Extra"]
[Source "ChessBase"]
[SourceDate "2021.01.31"]
[SourceVersion "1"]
[SourceVersionDate "2021.01.31"]
[SourceQuality "1"]
[WhiteTeam "Sri Lanka IV"]
[BlackTeam "Malaysia"]
[WhiteTeamCountry "SRI"]
[BlackTeamCountry "MAS"]

1. e4 e5 2. Nf3 Nc6 3. Bb5 a6 4. Ba4 Nf6 5. 0-0 b5 6. Bb3 Bc5 7. c3 d6 8. h3 Bb6 9. Re1 0-0 10. d4 h6 11. Be3 Rb8 12. Nbd2 Bd7 13. d5 Ne7 14. Bc2 Nh7 15. a4 f5 16. exf5 Nxf5 17. Bxb6 Rxb6 18. a5 Rb8 19. b3 Qf6 20. c4 bxc4 21. Ne4 Qf7 22. bxc4 Nf6 23. Nfd2 Nd4 24. Bd3 Nxe4 25. Nxe4 Rb2 26. Rf1 Bf5 27. Rb1 Rfb8 28. Rxb2 Rxb2 29. Ng3 Bxd3 30. Qxd3 Rb3 31. Qd1 Rc3 32. Qa4 Rxg3 33. fxg3 Ne2+ 34. Kh2 Qxf1 35. Qe8+ Kh7 36. h4 Qg1+ 37. Kh3 Qh1+ 38. Kg4 Qxg2 39. h5 Qxg3+ 40. Kf5 Qh3+ 41. Ke4 Nc3# 0-1

[Event "Online Olym Div3 A"]
[Site "Chess.com INT"]
[Date "2020.08.09"]
[Round "8.5"]
[White "Kwong, Wing Ki"]
[Black "Mohd Saprin, Amir Ghaazi"]
[Result "1-0"]
[WhiteElo "1876"]
[BlackElo "1951"]
[PlyCount "105"]
[EventDate "2020.08.07"]
[EventType "team-tourn (rapid)"]
[EventRounds "9"]
[EventCountry "USA"]
[SourceTitle "CBM 198"]
[Source "ChessBase"]
[SourceDate "2020.10.31"]
[SourceVersion "1"]
[SourceVersionDate "2020.10.31"]
[SourceQuality "1"]
[WhiteTeam "Hong Kong"]
[BlackTeam "Malaysia"]
[WhiteTeamCountry "HKG"]
[BlackTeamCountry "MAS"]

1. d4 Nf6 2. c4 c6 3. Nc3 d5 4. Nf3 dxc4 5. a4 Bf5 6. e3 e6 7. Bxc4 Bb4 8. 0-0 Nbd7 9. Bd2 0-0 10. Nh4 Bg4 11. f3 Bh5 12. g4 Bg6 13. Nxg6 hxg6 14. g5 Nd5 15. e4 Qb6 16. Ne2 Bxd2 17. Qxd2 Qb4 18. Qxb4 Nxb4 19. Rad1 Nb6 20. Bb3 a5 21. Rc1 Rfd8 22. Rfd1 Kf8 23. h4 Ke7 24. Kg2 Rh8 25. Kg3 Rhd8 26. Nf4 Rd7 27. h5 gxh5 28. g6 fxg6 29. Nxg6+ Kf6 30. Nf4 h4+ 31. Kg4 e5 32. dxe5+ Kxe5 33. Rc5+ Kf6 34. Rf5+ Ke7 35. Rf7+ Kd8 36. Ne6+ Ke8 37. Nxg7+ Kd8 38. Ne6+ Ke8 39. Ng7+ Kd8 40. Rfxd7+ Nxd7 41. Be6 Nd5 42. exd5 Nf6+ 43. Kf5 Nxd5 44. Bxd5 cxd5 45. Rxd5+ Kc7 46. Ne6+ Kc6 47. Rd8 Rxd8 48. Nxd8+ Kc5 49. Ne6+ Kb4 50. Kg4 Kxa4 51. f4 Kb5 52. f5 Kc6 53. f6 1-0

[Event "Penang op 11th"]
[Site "Penang"]
[Date "2019.12.13"]
[Round "7"]
[White "Hakim, Nuh"]
[Black "Mohd Saprin, Amir Ghaazi"]
[Result "1-0"]
[WhiteElo "2181"]
[BlackElo "1953"]
[PlyCount "75"]
[EventDate "2019.12.09"]
[EventType "swiss"]
[EventRounds "9"]
[EventCountry "MAS"]
[SourceTitle "CBM 193 Extra"]
[Source "ChessBase"]
[SourceDate "2020.01.31"]
[SourceVersion "1"]
[SourceVersionDate "2020.01.31"]
[SourceQuality "1"]

1. e4 e5 2. Nf3 Nc6 3. d4 exd4 4. Nxd4 Nf6 5. Nc3 Bb4 6. Nxc6 bxc6 7. Bd3 0-0 8. 0-0 d5 9. exd5 cxd5 10. Bg5 c6 11. Qf3 Be7 12. Rfe1 h6 13. Bh4 Rb8 14. Ne2 Rb4 15. Bg3 Bd6 16. b3 Bg4 17. Qe3 Bxe2 18. Rxe2 Bxg3 19. hxg3 Qa5 20. Qd2 Qa3 21. Qc1 Qa5 22. Qe1 Qa3 23. Re7 Rbb8 24. Qe5 a5 25. Re1 Rbc8 26. Bf5 Ra8 27. Qc7 Qxa2 28. Qxc6 a4 29. Rxf7 axb3 30. Rb7 bxc2 31. Ree7 Qa1+ 32. Kh2 Nh5 33. Bxc2 Rac8 34. Qxd5+ Kh8 35. Qe4 Rxc2 36. Qxc2 Qf6 37. Qe4 Qg5 38. Re8 1-0

[Event "Penang op 11th"]
[Site "Penang"]
[Date "2019.12.13"]
[Round "8"]
[White "Mohd Saprin, Amir Ghaazi"]
[Black "Wu, Yixing"]
[Result "1-0"]
[WhiteElo "1953"]
[BlackElo "1767"]
[PlyCount "123"]
[EventDate "2019.12.09"]
[EventType "swiss"]
[EventRounds "9"]
[EventCountry "MAS"]
[SourceTitle "CBM 193 Extra"]
[Source "ChessBase"]
[SourceDate "2020.01.31"]
[SourceVersion "1"]
[SourceVersionDate "2020.01.31"]
[SourceQuality "1"]

1. Nf3 Nf6 2. c4 g6 3. g3 Bg7 4. Bg2 0-0 5. 0-0 c6 6. Nc3 d5 7. cxd5 cxd5 8. d4 Ne4 9. Qb3 Nxc3 10. Qxc3 Nc6 11. Bf4 Bf5 12. Qd2 Be4 13. Ne5 Bxg2 14. Nxc6 bxc6 15. Kxg2 Qb6 16. Rfd1 Rfd8 17. Rac1 Rac8 18. b4 Re8 19. a3 f6 20. Rc5 Bf8 21. Bh6 Bxh6 22. Qxh6 Qa6 23. Rd3 e5 24. Ra5 Qb6 25. e3 Re7 26. h4 Rf8 27. Rc5 Qb7 28. Rdc3 exd4 29. exd4 Re1 30. b5 Qe7 31. Re3 Rxe3 32. Qxe3 Qxe3 33. fxe3 cxb5 34. Rxb5 Rc8 35. Kf3 Rc6 36. Ra5 a6 37. Rxd5 Kf7 38. Rc5 Rb6 39. a4 Ke6 40. a5 Rd6 41. Rc7 h5 42. Ke4 f5+ 43. Kf4 Kf6 44. Rb7 Ke6 45. Kg5 Kd5 46. Rg7 Re6 47. Rxg6 Rxe3 48. Kf4 Ra3 49. Rxa6 Kxd4 50. Rh6 Rxa5 51. Rxh5 Ra1 52. Rxf5 Rf1+ 53. Kg5 Rh1 54. g4 Ke4 55. h5 Rh2 56. h6 Rh1 57. Rf8 Ke5 58. Kg6 Ke6 59. Re8+ Kd7 60. Re5 Rh4 61. g5 Kd6 62. Re1 1-0

[Event "Penang op 11th"]
[Site "Penang"]
[Date "2019.12.11"]
[Round "5"]
[White "Ang, Jing Xuan"]
[Black "Mohd Saprin, Amir Ghaazi"]
[Result "1/2-1/2"]
[WhiteElo "1610"]
[BlackElo "1953"]
[PlyCount "72"]
[EventDate "2019.12.09"]
[EventType "swiss"]
[EventRounds "9"]
[EventCountry "MAS"]
[SourceTitle "CBM 193 Extra"]
[Source "ChessBase"]
[SourceDate "2020.01.31"]
[SourceVersion "1"]
[SourceVersionDate "2020.01.31"]
[SourceQuality "1"]

1. e4 e5 2. Nf3 Nc6 3. Bb5 a6 4. Ba4 Nf6 5. 0-0 b5 6. Bb3 Bc5 7. Re1 d6 8. c3 Bb6 9. h3 0-0 10. d4 h6 11. a4 Rb8 12. Bc2 Re8 13. axb5 axb5 14. Be3 Bd7 15. Nbd2 Na5 16. b4 Nc6 17. dxe5 Nxe5 18. Nxe5 dxe5 19. Nf3 Nh5 20. Bb3 Bxe3 21. Rxe3 Nf4 22. Ra2 Qe7 23. Rd2 Bc8 24. Bd5 Rb6 25. Ne1 Rd6 26. Bb3 Red8 27. Rxd6 Rxd6 28. Qc2 Rg6 29. Rg3 Rxg3 30. fxg3 Nh5 31. Qd3 c6 32. Kh2 Be6 33. Bxe6 Qxe6 34. Nf3 Nf6 35. Qe3 Ne8 36. Qc5 f6 1/2-1/2

[Event "Johor op 6th"]
[Site "Johor"]
[Date "2019.12.06"]
[Round "7"]
[White "Li, Guohao"]
[Black "Mohd Saprin, Amir Ghaazi"]
[Result "1-0"]
[WhiteElo "2131"]
[BlackElo "1953"]
[PlyCount "77"]
[EventDate "2019.12.02"]
[EventType "swiss"]
[EventRounds "9"]
[EventCountry "MAS"]
[SourceTitle "CBM 193 Extra"]
[Source "ChessBase"]
[SourceDate "2020.01.31"]
[SourceVersion "1"]
[SourceVersionDate "2020.01.31"]
[SourceQuality "1"]

1. d4 Nf6 2. c4 c6 3. Nf3 d5 4. Nc3 dxc4 5. a4 Bf5 6. Ne5 Nbd7 7. Nxc4 a5 8. g3 Nb6 9. Ne5 Nfd7 10. Nd3 e5 11. dxe5 Nc5 12. Be3 Nxd3+ 13. exd3 Nd5 14. d4 Nxe3 15. fxe3 Qb6 16. Qd2 Be6 17. Bd3 Bh3 18. Rb1 Bb4 19. Qc2 g6 20. Bf1 Bf5 21. Bd3 Bh3 22. Kf2 0-0-0 23. Ne4 Be7 24. Rhe1 f6 25. exf6 Bxf6 26. Kg1 Rhf8 27. Nf2 Be6 28. Bc4 Rfe8 29. Bxe6+ Rxe6 30. b4 Rde8 31. bxa5 Qxa5 32. Qd3 Rd8 33. Ne4 Bg7 34. Qb3 Re7 35. Nc5 Qa7 36. a5 Rde8 37. Qc3 Bh6 38. Nxb7 Kc7 39. Nc5 1-0

[Event "Johor op 6th"]
[Site "Johor"]
[Date "2019.12.04"]
[Round "5"]
[White "Chakravarthi, Reddy M"]
[Black "Mohd Saprin, Amir Ghaazi"]
[Result "1-0"]
[WhiteElo "2366"]
[BlackElo "1953"]
[PlyCount "126"]
[EventDate "2019.12.02"]
[EventType "swiss"]
[EventRounds "9"]
[EventCountry "MAS"]
[SourceTitle "CBM 193 Extra"]
[Source "ChessBase"]
[SourceDate "2020.01.31"]
[SourceVersion "1"]
[SourceVersionDate "2020.01.31"]
[SourceQuality "1"]

1. c4 e5 2. Nc3 Nf6 3. Nf3 Nc6 4. e3 Bb4 5. d4 d6 6. Bd2 0-0 7. Be2 e4 8. Ng1 Bxc3 9. Bxc3 d5 10. b3 Ne7 11. h4 c6 12. g4 Ne8 13. Nh3 f5 14. Nf4 Nc7 15. gxf5 Nxf5 16. Kd2 Ne6 17. Nxe6 Bxe6 18. Qg1 a5 19. c5 a4 20. b4 Qf6 21. Qg5 h6 22. Qxf6 Rxf6 23. b5 g6 24. bxc6 bxc6 25. Rab1 h5 26. Rb6 Bd7 27. Rb7 Rf7 28. Rh2 Nh6 29. Rg2 Bg4 30. Rb6 Rc7 31. Ba6 Raa7 32. Rg1 Kf7 33. Rgb1 Bc8 34. Ba5 Nf5 35. Bxc8 Rxc8 36. Rb7+ Rxb7 37. Rxb7+ Ke6 38. Bc7 Nxh4 39. Ke2 g5 40. Be5 Nf5 41. Ra7 g4 42. Rxa4 h4 43. Ra7 g3 44. fxg3 hxg3 45. Ra6 g2 46. Bh2 Nh4 47. Kf2 Rf8+ 48. Kg3 Nf5+ 49. Kxg2 Nxe3+ 50. Kh1 Rc8 51. Kg1 Nc2 52. Be5 Nb4 53. Ra7 Nd3 54. Bd6 Rg8+ 55. Kf1 Rh8 56. a4 Rh1+ 57. Ke2 Ra1 58. a5 Ra2+ 59. Ke3 Nb4 60. Kf4 Rf2+ 61. Kg3 Rf3+ 62. Kg4 Rf1 63. Re7+ Kf6 1-0

[Event "Wch U20 58th"]
[Site "New Delhi"]
[Date "2019.10.15"]
[Round "1"]
[White "Sammed Jaykumar, Shete"]
[Black "Mohd Saprin, Amir Ghaazi"]
[Result "1/2-1/2"]
[WhiteElo "2392"]
[BlackElo "1942"]
[PlyCount "69"]
[EventDate "2019.10.15"]
[EventType "swiss"]
[EventRounds "11"]
[EventCountry "IND"]
[SourceTitle "CBM 192 Extra"]
[Source "Chessbase"]
[SourceDate "2019.11.06"]
[SourceVersion "1"]
[SourceVersionDate "2019.11.06"]
[SourceQuality "1"]

1. e4 e5 2. Nf3 Nc6 3. Bc4 Bc5 4. c3 Nf6 5. d3 d6 6. h3 a6 7. a4 Ba7 8. Nbd2 Ne7 9. Nf1 Ng6 10. Ng3 0-0 11. 0-0 h6 12. Bb3 Re8 13. Re1 Be6 14. Bc2 d5 15. exd5 Bxd5 16. a5 Qd7 17. Be3 Bxe3 18. fxe3 Rad8 19. e4 Be6 20. Kh2 c6 21. Qc1 Qc7 22. Rf1 c5 23. Qe3 Nd7 24. Ng1 Nf4 25. N1e2 g5 26. Kh1 Nf8 27. Nf5 Bxf5 28. exf5 Nh7 29. Ng3 Nf6 30. Ne4 Nxe4 31. dxe4 Rd6 32. Kh2 Red8 33. Rf2 f6 34. g3 Nd3 35. Bxd3 1/2-1/2

[Event "Bangkok Cha Am op 19th"]
[Site "Bangkok"]
[Date "2019.04.07"]
[Round "2"]
[White "Stella, Andrea"]
[Black "Mohd Saprin, Amir Ghaazi"]
[Result "1-0"]
[WhiteElo "2512"]
[BlackElo "1971"]
[PlyCount "101"]
[EventDate "2019.04.06"]
[EventType "swiss"]
[EventRounds "9"]
[EventCountry "THA"]
[SourceTitle "CBM 189 Extra"]
[Source "ChessBase"]
[SourceDate "2019.06.03"]
[SourceVersion "1"]
[SourceVersionDate "2019.06.03"]
[SourceQuality "1"]

1. d4 Nf6 2. c4 c5 3. d5 b5 4. cxb5 a6 5. e3 axb5 6. Bxb5 Qa5+ 7. Nc3 Bb7 8. Bd2 Qb6 9. Nf3 Nxd5 10. a4 e6 11. 0-0 Be7 12. e4 Nxc3 13. Bxc3 Bxe4 14. Ne5 Qb7 15. Qg4 f6 16. Qxg7 Rf8 17. f3 Bf5 18. Nc4 Rf7 19. Qg8+ Rf8 20. Qg3 Bd3 21. Na5 Qb6 22. Bxd3 c4+ 23. Kh1 cxd3 24. Rfd1 Nc6 25. Nxc6 Qxc6 26. a5 Qc4 27. f4 Bb4 28. Bxb4 Qxb4 29. Qxd3 Rf7 30. f5 Qxb2 31. fxe6 dxe6 32. Qd6 Qb7 33. Qxe6+ Kf8 34. a6 Qe7 35. Qd5 Ra7 36. h3 Kg7 37. Qd3 Qe5 38. Re1 Qc7 39. Re8 Re7 40. Rxe7+ Qxe7 41. Qg3+ Kf7 42. Qb8 Kg6 43. Qg8+ Qg7 44. Qd8 Qf7 45. Ra3 h6 46. Qh8 Qe6 47. Qd8 Qe1+ 48. Kh2 Qe5+ 49. Rg3+ Kf5 50. Qc8+ Ke4 51. Qc4+ 1-0